00502nam a2200181Ia 4500008004100000020001800041082002300059100001700082100002100099245007000120260004600190260002000236260000900256300001000265650001000275650001700285650001800302260428s9999 xx 000 0 und d a9789561421523 a378.83 C211p 2017  aCamus, Pablo aMuñoz, Enrique 0aPsicología en la UC: sesenta años de sueños y realizaciones aEdiciones Universidad Católica de Chile bSantiago, Chile c2017 a196p. aChile aPsicología aUniversidades